Greenpeace attacks PVC report (Record no. 66694)
[ view plain ]
| 000 -LEADER | |
|---|---|
| fixed length control field | 00746cam a2200193 4500 |
| 001 - CONTROL NUMBER | |
| control field | WB3714-16 |
| 008 - FIXED-LENGTH DATA ELEMENTS--GENERAL INFORMATION | |
| fixed length control field | 000000n2001 000 0 eng u |
| 035 ## - SYSTEM CONTROL NUMBER | |
| System control number | (Sirsi) u111912 |
| 245 ## - TITLE STATEMENT | |
| Title | Greenpeace attacks PVC report |
| 260 ## - PUBLICATION, DISTRIBUTION, ETC. | |
| Date of publication, distribution, etc. | 2001 |
| 490 ## - SERIES STATEMENT | |
| Series statement | Construction News |
| Volume/sequential designation | (6710) 5 April 2001, 20(1) |
| 520 ## - SUMMARY, ETC. | |
| Summary, etc. | Greenpeace criticises the DETR's "Lifecyle assessment of polyvinyl chloride and alternatives" for failing to address the impact of toxic pollutants generated throughout its full life cycle. DETR report available on http;//www.detr.gov.uk/environment/coonsult/pvc/02.pdf |
| 590 ## - LOCAL NOTE (RLIN) | |
| Local note | WB |
| 650 ## - SUBJECT ADDED ENTRY--TOPICAL TERM | |
| Topical term or geographic name entry element | PVC |
| 650 ## - SUBJECT ADDED ENTRY--TOPICAL TERM | |
| Topical term or geographic name entry element | TOXIC SUBSTANCES |
| 650 ## - SUBJECT ADDED ENTRY--TOPICAL TERM | |
| Topical term or geographic name entry element | POLLUTION |
| 690 ## - LOCAL SUBJECT ADDED ENTRY--TOPICAL TERM (OCLC, RLIN) | |
| Topical term or geographic name as entry element | ENVIRONMENTAL AND LAND CONSULTANCY |
| 942 ## - ADDED ENTRY ELEMENTS (KOHA) | |
| Suppress in OPAC | 0 |
| Withdrawn status | Lost status | Source of classification or shelving scheme | Damaged status | Not for loan | Home library | Current library | Shelving location | Date acquired | Total Checkouts | Full call number | Barcode | Date last seen | Copy number | Price effective from | Koha item type |
|---|---|---|---|---|---|---|---|---|---|---|---|---|---|---|---|
| Dewey Decimal Classification | London | London | News article | 05/04/2001 | WB3714-16 | 111912-1001 | 06/08/2019 | 1 | 06/08/2019 | News article |